[Event "Catalunya-ch U14"]
[Site "Sabadell"]
[Date "2010.01.16"]
[Round "1.13"]
[White "Esturillo Ardiaca, David"]
[Black "De la Paz Alcantara, David"]
[Result "1/2-1/2"]
[WhiteElo "1700"]
[BlackElo "1754"]
[PlyCount "120"]
[EventDate "2010.01.16"]
[EventType "swiss"]
[EventRounds "6"]
[EventCountry "ESP"]
[SourceTitle "EXT 2024"]
[Source "ChessBase"]
[SourceDate "2023.10.10"]
[SourceVersion "1"]
[SourceVersionDate "2023.10.10"]
[SourceQuality "1"]

1. e4 e5 2. Nf3 Nc6 3. Bc4 Nf6 4. d3 h6 5. 0-0 d5 6. exd5 Nxd5 7. Qe2 Bg4 8. Nc3 Nxc3 9. bxc3 Qe7 10. Qe4 h5 11. Nxe5 Qxe5 12. Qxe5+ Nxe5 13. Re1 f6 14. d4 Bd6 15. dxe5 Bxe5 16. Bf4 0-0-0 17. Bxe5 fxe5 18. Rxe5 Rhf8 19. Be6+ Bxe6 20. Rxe6 Rf5 21. h3 h4 22. g3 hxg3 23. fxg3 Rd2 24. Rf1 Rg5 25. Re3 c5 26. g4 b5 27. Re7 a5 28. c4 b4 29. Rff7 a4 30. Ra7 Kb8 31. Rxa4 Rxc2 32. Raa7 Rxc4 33. Rad7 Kc8 34. Rd3 Rc1+ 35. Kf2 Rc3 36. Ke2 Re5+ 37. Kd2 Rxd3+ 38. Kxd3 Rg5 39. Kc4 Kb8 40. Kb5 Kc8 41. Kc6 Rg6+ 42. Kxc5 Rh6 43. Rxg7 Rxh3 44. g5 b3 45. axb3 Rxb3 46. Kc6 Kd8 47. g6 Ke8 48. Rf7 Rd3 49. Rb7 Kf8 50. Rf7+ Ke8 51. Rh7 Kf8 52. Kc7 Kg8 53. Re7 Kf8 54. g7+ Kg8 55. Kc6 Kh7 56. Rf7 Kg8 57. Rc7 Kh7 58. Kb5 Kg8 59. Re7 Kh7 60. Rf7 Kg8 1/2-1/2